|
|
|
|
| LEADER |
00000cam a22000004a 4500 |
| 001 |
musev2_83448 |
| 003 |
MdBmJHUP |
| 005 |
20230905052606.0 |
| 006 |
m o d |
| 007 |
cr||||||||nn|n |
| 008 |
120529s2009 nju o 00 0 eng d |
| 020 |
|
|
|a 9781400843756
|
| 020 |
|
|
|z 9780691124674
|
| 020 |
|
|
|z 9780691138251
|
| 035 |
|
|
|a (OCoLC)1245420175
|
| 040 |
|
|
|a MdBmJHUP
|c MdBmJHUP
|
| 100 |
1 |
|
|a Pollock, Ethan,
|d (1969- )
|
| 245 |
1 |
0 |
|a Stalin and the Soviet Science Wars /
|c Ethan Pollock.
|
| 250 |
|
|
|a 2nd print. and 1st pbk print.
|
| 264 |
|
1 |
|a Oxford :
|b Princeton University Press,
|c 2009.
|
| 264 |
|
3 |
|a Baltimore, Md. :
|b Project MUSE,
|c 2021
|
| 264 |
|
4 |
|c ©2009.
|
| 300 |
|
|
|a 1 online resource (288 pages).
|
| 336 |
|
|
|a text
|b txt
|2 rdacontent
|
| 337 |
|
|
|a computer
|b c
|2 rdamedia
|
| 338 |
|
|
|a online resource
|b cr
|2 rdacarrier
|
| 588 |
|
|
|a Description based on print version record.
|
| 600 |
1 |
7 |
|a Stalin, Iosif Vissarionovič
|d (1878-1953)
|x i nauka wojenna.
|2 jhpk
|
| 650 |
|
7 |
|a Polityka naukowa
|z Związek Radziecki.
|2 jhpk
|
| 650 |
|
7 |
|a Komunizm i nauka
|z Związek Radziecki.
|2 jhpk
|
| 651 |
|
7 |
|a Związek Radziecki
|x polityka i rządy
|y 1936-1953.
|2 jhpk
|
| 655 |
|
7 |
|a Electronic books.
|2 local
|
| 710 |
2 |
|
|a Project Muse.
|e distributor
|
| 830 |
|
0 |
|a Book collections on Project MUSE.
|
| 856 |
4 |
0 |
|z Texto completo
|u https://projectmuse.uam.elogim.com/book/83448/
|
| 945 |
|
|
|a Project MUSE - Custom Collection
|